000 01377nam a2200265 i 4500
003 DO-SdBNP
005 20240122130006.0
006 a||||gr|||| 00| 0
007 ta
008 240122e1989 |||a|||| |||| 00| 0 spa d
040 _aDO-SdBNP
_bspa
_cBNPHU
_erda
082 4 _222
_bA445
100 1 _aAlmánzar García, José Nicolás
_eautor
_93006
245 1 0 _aInstructivo electoral para:
_bmaestros- instructores- delegados políticos suplentes ante las mesas electorales- activistas /
_cJosé Nicolás Almánzar García.
264 _aSanto Domingo :
_bIFP,
_c1996
300 _a45 páginas :
_bIlustraciones ;
_c20 cm.
336 _2rdacontent
_atexto
_btxt
337 _2rdamedia
_asin mediación
_bn
338 _2rdacarrier
_avolumen
_bnc
504 _aBibliografía: página 45.
505 _aPresentación.-- Primera parte.
_gPrimera parte
_tI. Quienes Pueden Votar en la República Dominicana.--
_tII. El Registor Electoral.--
_tIII. Interpretación del Carnet Electoral.--
_gSegunda parte.
_tIV. Estructura de una mesa electoral.--
_gTercera parte
_tV. El Delegado Político y su Integración en la Mesa Electoral.
_tVi. Deberes y Funciones del Delegado Político.--
_tVII. Forma Prática de Votar.
_tBoleta.--Bibliografía.
590 _aInventariado 2024 / MF
710 2 _aInstituto de Formación Política del Partido Reformista Social Cristiano.
_955055
942 _2ddc
_cLF2
999 _c55737
_d55737